The Cambridge history of science: Ancient science Volume 1 (Record no. 36640)

MARC details
000 -LEADER
fixed length control field 00708nam a2200181 a 4500
008 - FIXED-LENGTH DATA ELEMENTS--GENERAL INFORMATION
fixed length control field 200805s2018 ||||||||||||||||| || u
020 ## - INTERNATIONAL STANDARD BOOK NUMBER
International Standard Book Number 9780521571623
050 ## - LIBRARY OF CONGRESS CALL NUMBER
Classification number Q 125 Cam
100 ## - MAIN ENTRY--PERSONAL NAME
Personal name Jones, Alexander
245 14 - TITLE STATEMENT
Title The Cambridge history of science: Ancient science Volume 1
Statement of responsibility, etc. Edited by Alexander Jones; Liba Taub
260 ## - PUBLICATION, DISTRIBUTION, ETC.
Place of publication, distribution, etc. Cambridge
Name of publisher, distributor, etc. Cambridge University Press
Date of publication, distribution, etc. 2018
300 ## - PHYSICAL DESCRIPTION
Extent xix, 642 pages : illustrations
350 ## - PRICE (NR) (BK AM CF MU VM SE) [OBSOLETE]
Price 146.36
650 ## - SUBJECT ADDED ENTRY--TOPICAL TERM
Topical term or geographic name entry element SCIENCE--HISTORY
650 ## - SUBJECT ADDED ENTRY--TOPICAL TERM
Topical term or geographic name entry element SOCIAL SCIENCES--HISTORY
700 ## - ADDED ENTRY--PERSONAL NAME
Personal name Taub, Liba
995 ## - RECOMMENDATION 995 [LOCAL, UNIMARC FRANCE]
-- CBU-MAIN LIBRARY (Kitwe)
-- 146.36
-- 1
-- AVAILABLE
-- Aug 31, 2020
-- Main Library Open Access Collection
Holdings
Withdrawn status Lost status Source of classification or shelving scheme Damaged status Not for loan Home library Current library Shelving location Date acquired Total Checkouts Full call number Barcode Date last seen Price effective from Koha item type
          CBU-MAIN LIBRARY, KITWE. CBU-MAIN LIBRARY, KITWE.   11/30/2022   Q 125 Cam 750461 11/30/2022 11/30/2022 MONOGRAPH